000 00519nam a2200181Ia 4500
003 GCL
008 140319s9999 xx 000 0 ara d
040 _aGCL /
_cGCL
082 0 4 _a813.08
_bص م
100 1 _aصالح مرسى
245 1 0 _aالمهاجرون /
_cصالح مرسى
300 _a218 ص
490 _aالاعمال الكاملة لصالح مرسى
_v0
650 0 4 _aالادب العربى
650 0 4 _aالقصص العربية
650 0 4 _aالقصص الاجتماعية
942 _2ddc
_cBK
999 _c46666
_d46666